Cinco aventuras auténticas de atletas, nadadores, alpinistas, exploradores y astronautas intrépidos / (Record no. 14852)

000 -CABECERA
fixed length control field 01053nam a22002897a 4500
003 - IDENTIFICADOR DEL NÚMERO DE CONTROL
control field AR-CdUCM
008 - DATOS DE LONGITUD FIJA--INFORMACIÓN GENERAL
fixed length control field 190424b ||||| |||| 00| 0 spa d
020 ## - NÚMERO INTERNACIONAL ESTÁNDAR DEL LIBRO
ISBN 978-84-9825-579-9
040 ## - FUENTE DE LA CATALOGACIÓN
Agencia/entidad que catalogó originalmente la obra MUNICIPALIDAD PROVINCIAL DEL CUSCO
Entidad que transcribió la catalogación BIBLIOTECA MUNICIPAL DEL CUSCO
082 ## - NÚMERO DE LA CLASIFICACIÓN DECIMAL DEWEY
No. de Clasificación ES / 376.1 /
Notacion interna I41
100 ## - ENTRADA PRINCIPAL--NOMBRE DE PERSONA
Nombre Personal Imma Pla
245 ## - MENCIÓN DE TÍTULO
Título Cinco aventuras auténticas de atletas, nadadores, alpinistas, exploradores y astronautas intrépidos /
260 ## - PUBLICACIÓN, DISTRIBUCIÓN, ETC.
Lugar de publicación, distribución, etc. Barcelona :
Nombre de la editorial, distribuidor, etc. Combel,
Fecha de publicación, distribución, etc. 2011.
300 ## - DESCRIPCIÓN FÍSICA
Nº de Páginas Extensión 62 páginas ;
Otros detalles físicos Ilustraciones, fotografías,
Dimensiones 30 cm.
440 ## - MENCIÓN DE SERIE/PUNTO DE ACCESO ADICIONAL--TÍTULO
Título Historias increíbles
Número de la parte/sección de una obra 2
9 (RLIN) 33788
505 ## - NOTA DE CONTENIDO CON FORMATO
Nota de contenido formateada Contenido: Cinco aventuras auténticas de atletas, nadadores, alpinistas, exploradores y astronautas intrépidos.
650 ## - PUNTO DE ACCESO ADICIONAL DE MATERIA--TÉRMINO DE MATERIA
Descriptor Historias infantiles
9 (RLIN) 33789
650 ## - PUNTO DE ACCESO ADICIONAL DE MATERIA--TÉRMINO DE MATERIA
Descriptor Atletas
9 (RLIN) 33790
650 ## - PUNTO DE ACCESO ADICIONAL DE MATERIA--TÉRMINO DE MATERIA
Descriptor Nadadores
9 (RLIN) 33791
650 ## - PUNTO DE ACCESO ADICIONAL DE MATERIA--TÉRMINO DE MATERIA
Descriptor Alpinistas
9 (RLIN) 33792
650 ## - PUNTO DE ACCESO ADICIONAL DE MATERIA--TÉRMINO DE MATERIA
Descriptor Exploradores
9 (RLIN) 26772
650 ## - PUNTO DE ACCESO ADICIONAL DE MATERIA--TÉRMINO DE MATERIA
Descriptor Astronautas
9 (RLIN) 33793
700 ## - PUNTO DE ACCESO ADICIONAL--NOMBRE DE PERSONA
Nombre Personal Montse Ganges
9 (RLIN) 33794
942 ## - ELEMENTOS DE PUNTO DE ACCESO ADICIONAL (KOHA)
Fuente de clasificación
Tipo de item Libros-BMC
945 ## - PROCESAMIENTO DE INFORMACIÓN LOCAL (OCLC)
Catalogador cmm
AAAA-MM-DD - Fecha de ingreso o modificacion 2019-04-24
Holdings
Estado de retiro (separado) Fuente de clasificación o esquema de estanterías Estado dañado Ubicación Sala donde se ubica Nombre de la colección Fecha de adquisición o compra Costo, precio normal en soles Signatura topográfica Código de Barras Última vez visto (Koha) Tipo de ítem (Koha)
No     Sala de Infantes Sala de Infantes Children's Area 2019-04-24 30.00 ES / 376.1 / I41 SI00002894 2019-04-24 Libros-BMC

Powered by Koha